000 00506nam a2200181Ia 4500
003 GCL
008 140319s9999 xx 000 0 eng d
020 _a0077098633
040 _aGCL /
_cGCL
082 0 4 _a006.78
_bD D
100 1 _aDASTBAZ, MOHAMMAD
245 1 0 _aDESIGNING INTERACTIVE MULTIMEDIA SYSTEMS /
_cDASTBAZ, MOHAMMAD
260 _aانجلترا :
_bMC GRAW - HILL ،
_c2002
300 _a24 CM ؛
_c206 P
650 0 4 _aINFORMATION SYSTEMS
650 0 4 _aMULTIMEDIA SYSTEMS
942 _2ddc
_cBK
999 _c7278
_d7278